| 000 | 00386nam a2200157Ia 4500 | ||
|---|---|---|---|
| 008 | 230524s9999 xx 000 0 und d | ||
| 082 |
_a6.3 _bSCH |
||
| 100 |
_aDJ.Schwartz _916955 |
||
| 245 | 4 | _aThe Magic of Thinking Big | |
| 250 | _a1ST | ||
| 260 |
_aNEW DELHI _bPocketbooks _c1995 |
||
| 300 | _a348 | ||
| 500 | _aQuantity Number: 1 | ||
| 650 |
_aMiscellaneous _91877 |
||
| 942 | _cBK | ||
| 999 |
_c25646 _d25646 |
||